<?xml version="1.0" encoding="UTF-8"?><?xml-stylesheet type="text/xsl" href="static/style.xsl"?><OAI-PMH xmlns="http://www.openarchives.org/OAI/2.0/" xmlns:xsi="http://www.w3.org/2001/XMLSchema-instance" xsi:schemaLocation="http://www.openarchives.org/OAI/2.0/ http://www.openarchives.org/OAI/2.0/OAI-PMH.xsd"><responseDate>2026-04-13T01:26:39Z</responseDate><request verb="GetRecord" identifier="oai:www.recercat.cat:2445/22321" metadataPrefix="marc">https://recercat.cat/oai/request</request><GetRecord><record><header><identifier>oai:recercat.cat:2445/22321</identifier><datestamp>2025-12-05T06:00:52Z</datestamp><setSpec>com_2072_1057</setSpec><setSpec>col_2072_478802</setSpec><setSpec>col_2072_478917</setSpec></header><metadata><record xmlns="http://www.loc.gov/MARC21/slim" xmlns:dcterms="http://purl.org/dc/terms/" xmlns:xsi="http://www.w3.org/2001/XMLSchema-instance" xmlns:doc="http://www.lyncode.com/xoai" xsi:schemaLocation="http://www.loc.gov/MARC21/slim http://www.loc.gov/standards/marcxml/schema/MARC21slim.xsd">
   <leader>00925njm 22002777a 4500</leader>
   <datafield ind2=" " ind1=" " tag="042">
      <subfield code="a">dc</subfield>
   </datafield>
   <datafield ind2=" " ind1=" " tag="720">
      <subfield code="a">Sancho, Juana Ma.</subfield>
      <subfield code="e">author</subfield>
   </datafield>
   <datafield ind2=" " ind1=" " tag="260">
      <subfield code="c">2012-03-01T12:49:06Z</subfield>
   </datafield>
   <datafield ind2=" " ind1=" " tag="260">
      <subfield code="c">2012-03-01T12:49:06Z</subfield>
   </datafield>
   <datafield ind2=" " ind1=" " tag="260">
      <subfield code="c">1999</subfield>
   </datafield>
   <datafield ind2=" " ind1=" " tag="520">
      <subfield code="a">Informes recientes sobre las necesidades de aprendizaje en la sociedad de la información han puesto el énfasis, con contadas excepciones, en la importancia de las Tecnologías de la Información y la Comunicación para dar respuesta a los antiguos y recientes problemas de la educación. En general, estos informes, y otros estudios, trabajos y propuestas relacionadas con la necesidad, el imperativo o la conveniencia de aplicar las novísimas Tecnologías de la Información y la Comunicación a la educación (enseñanza o aprendizaje), suelen hacer caso omiso de la realidad que circunda a este ámbito. El glamour que desprenden las Tecnologías de la Información y la Comunicación minimizan o esconden una materialidad que se resiste a desaparecer o transformarse.</subfield>
   </datafield>
   <datafield tag="653" ind2=" " ind1=" ">
      <subfield code="a">Tecnologia educativa</subfield>
   </datafield>
   <datafield tag="653" ind2=" " ind1=" ">
      <subfield code="a">Tecnologia de la informació</subfield>
   </datafield>
   <datafield tag="653" ind2=" " ind1=" ">
      <subfield code="a">Educational technology</subfield>
   </datafield>
   <datafield tag="653" ind2=" " ind1=" ">
      <subfield code="a">Information technology</subfield>
   </datafield>
   <datafield ind2="0" ind1="0" tag="245">
      <subfield code="a">¿Tecnologías de la Información o Tecnologías de la Educación?</subfield>
   </datafield>
</record></metadata></record></GetRecord></OAI-PMH>